NBA Team Riddles - Statistics

General Stats
  • This quiz has been taken 850 times
  • The average score is 23 of 30
Answer Stats
Riddle Answer % Correct
A cow with horns bulls
87%
Lepricorns celtics
87%
When you are hot you feel the ...... heat
85%
Pulling a rabbit out of a hat magic
84%
Brightest thing in the sky suns
84%
A type of wasp hornets
83%
A large pond lakers
83%
Small carnivorous dinasour raptors
83%
You hear it in a storm thunder
83%
Team name is numbers 76ers
82%
A genre of music jazz
81%
A bear found in North America grizzlies
80%
Type of spaceship rockets
79%
A brave soldier/fighter warriors
78%
Harry Potter wizards
78%
Slang for 'dollar' bucks
76%
Anoter name for emperor kings
76%
A wild horse mavericks
76%
Part in a car engine pistons
76%
A bird of prey hawks
75%
What you can catch fish in nets
75%
A bird with a big beak pelicans
75%
A small lump of gold nuggets
73%
A tool used to shear sheep clippers
70%
Used for urging a horse forward spurs
69%
A North-Western wild dog timberwolves
66%
Someone who makes a new track through a wild country trailblazers
66%
A courlty gentlemen cavaliers
62%
When you lightly hit the ball in cricket knicks
60%
A horse used in racing pacers
55%
No matching quizzes found
Score Distribution
Percent of People with Each Score
Percentile by Number Answered
Your Score History
You have not taken this quiz